Author by Second Book II Quiz Stats

 Plays Quiz Updated Sep 4, 2019

Score 0/18 Timer 04:00
5 Plays Today
% Correct
Lewis Carroll
92.3%
J. R. R. Tolkien
91.8%
Jane Austen
90.3%
Robert Louis Stevenson
87.1%
Jack Kerouac
84.2%
John Grisham
83.9%
Gabriel García Márquez
79.3%
Daniel Defoe
71.1%
Anne Brontë
56.6%
% Correct
F. Scott Fitzgerald
54.9%
J. D. Salinger
53.1%
Amy Tan
50.4%
Agatha Christie
49.2%
Rudyard Kipling
48.1%
Jules Verne
47.4%
George Orwell
37.8%
George R. R. Martin
33.5%
Virginia Woolf
29.2%

You're not logged in!

Compare scores with friends on all Sporcle quizzes.
OR
Log In

Sporcle TV

Today on Sporcle TV


Watch our educational content, quiz creation guides, and fun videos on Sporcle TV.

Show Comments

Extras

Top Quizzes Today


Score Distribution

Your Account Isn't Verified!

In order to create a playlist on Sporcle, you need to verify the email address you used during registration. Go to your Sporcle Settings to finish the process.

Report this User

Report this user for behavior that violates our Community Guidelines.

Details: